000 00458ntaaa2200181 4500
003 01
005 20251027201952.0
008 0714s1973 ag 01
040 _aAR-BaBN
_bspa
_cAR-BaBN
_eaacr
_dRIC
082 _a254.0000 H99h
100 _aHyles, Jack
_918247
245 _aThe Hyles church manual
250 _a1 ed.
260 _aMurfreesboro, Tenn. :
_bSword of the Lord,
_cc1968
300 _a328 p.
650 _aIglesia-Administración
942 _cBK
999 _c14439
_d14439